01069njm a22002537a 450000500170000000600190001700700150003600800410005102800200009203500130011204000130012510000130013824501110015124600860026226000300034830000940037850000170047250000290048950502160051860000130073465000320074770000180077970000180079720100916114351.0a|||||r|||||00| 0 sd ammalaaahaa100901t xxu||||| |||| 00| 0 eng d aMCSD. 2701bEMI aGR-02905 aSEDcSED aTulsidas aVinay patrika :cby Tulsidas; sung by Gopal Sharma [and] Shukdev Kumarh[Sound recording]bchune hue pad / aविनय पत्रिका / तुलसीदास द्वारा  aDum Dum, IndiabEMIc1971 a1 Sound disc [Gramophone Recording] :banalog, 33 1/3 rpmc12 in. (LP)fGramophone Record aBrief record aRecord Labels : EMI, Red aSide-1 जानकीस की कृपा (Jaankis ki kripa) (Gopal Sharma [and] Shukdev Kumar) --Side-2 मेरो भलो कियो राम (Mero bhalo kiyo ram) (Gopal Sharma [and] Shukdev Kumar) aTulsidas aFilm songsxExcerptszIndia aSharma, Gopal aShukdev Kumar